Statistiche per Quiz sulla città di Pisa

Clicka qui per fare il quiz!

Statistiche generali

  • Questo quiz è stato fatto 135 volte
  • Il punteggio medio è 11 su 20

Statistiche sulle risposte

DescrizioneRisposta% Corretto
Regione in quale si trova PisaToscana
100%
Fiume principaleArno
96%
Le altre tre republicche (nominane una)Amalfi | Genova | Venezia
94%
La città di Pisa è durante il medioevo una delle quattro repubbliche _____Marinare
94%
Astronomo nato a Pisa nel 1564Galileo Galilei
93%
Le due piazze le più famose di PisaPiazza dei Miracoli
73%
Città che conquistò Pisa nel 1406Firenze
67%
Civilità che avrebbe fondato PisaEtruschi
61%
Città di 150'000 abitanti, 20 chilometri a sud di PisaLivorno
60%
La pisana è una razza di quell'animaleMucca
53%
Università pisana fondata nel 1810 da NapoleoneLa {Normale}
51%
Frazione del Mediterraneo su quale sta PisaMar Ligure
49%
Strada romana che passa per PisaVia Aurelia
43%
Matematico e autore della successione di numeri 1, 1, 2, 3, 5, 8, 13, 21...Leonardo Fibonacci
42%
Stile architettorale della torre di PisaRomanico
42%
Base militare americana vicino a PisaCamp {Darby}
26%
Cimitero storico di Pisa{Camposanto} Monumentale
23%
Le due piazze le più famose di PisaPiazza dei Cavalieri
23%
Santo patrono di PisaSan Ranieri
21%
Famoso medaglista pisano del QuattrocentoPisanello
7%

Distribuzione punteggi

Percentile per numero di risposta

Percentuale di utenti per punteggio

I tuoi punteggi nel tempo

Non hai fatto questo quiz